[Event "TCh-ESP Div"]
[Site "?"]
[Date "2001.??.??"]
[Round "?"]
[White "Vidal del Rio, M."]
[Black "Fernandez Garcia, Jo"]
[Result "1-0"]
[WhiteElo "2105"]
[BlackElo "2460"]
[PlyCount "99"]
[EventDate "2001.??.??"]
[Source "www.chesslib.no"]
[SourceDate "2004.05.04"]

1. e4 e5 2. Nf3 Nc6 3. Bc4 Nf6 4. Ng5 Bc5 5. Bxf7+ Ke7 6. Bb3 Rf8 7. d3 d6 8. Be3 Bg4 9. Qd2 Qe8 10. Bxc5 dxc5 11. h3 Qh5 12. Rf1 Be2 13. Rg1 Nd4 14. Nc3 h6 15. Nxe2 Nxe2 16. Qxe2 Qxg5 17. Qe3 Qxe3+ 18. fxe3 Ne8 19. c3 Nd6 20. Bc2 b6 21. Ke2 Rf6 22. Raf1 Rxf1 23. Rxf1 Rf8 24. Rd1 Rf6 25. Bb3 Rg6 26. Rg1 h5 27. h4 Rg4 28. g3 c4 29. Bxc4 Nxc4 30. dxc4 Rxe4 31. b3 Rg4 32. Kf2 e4 33. Rd1 g5 34. hxg5 Rxg5 35. Rd5 Rxd5 36. cxd5 Kd6 37. c4 b5 38. cxb5 Kxd5 39. g4 hxg4 40. Kg3 Kc5 41. a3 Kxb5 42. Kxg4 a5 43. Kf4 c5 44. Kxe4 c4 45. a4+ Kb4 46. bxc4 Kxa4 47. c5 Kb5 48. Kd5 a4 49. c6 Ka6 50. Kd6 1-0

[Event "Oberliga Nord W 9697"]
[Site "?"]
[Date "1997.01.12"]
[Round "4.1"]
[White "Kosak Robert"]
[Black "Schwekendiek Ulrich"]
[Result "0-1"]
[WhiteElo "2245"]
[BlackElo "2315"]
[PlyCount "56"]
[EventDate "1997.??.??"]
[Source "www.chesslib.no"]
[SourceDate "2004.05.04"]

1. e4 e5 2. Nf3 Nc6 3. Bc4 Nf6 4. Ng5 Bc5 5. Bxf7+ Ke7 6. Bd5 Rf8 7. O-O Qe8 8. c3 d6 9. d4 Bb6 10. h3 h6 11. Nf3 Qh5 12. Bxc6 bxc6 13. Qd3 g5 14. dxe5 dxe5 15. Nxe5 g4 16. Nxc6+ Ke8 17. e5 Bf5 18. Qe2 Ne4 19. hxg4 Bxg4 20. Qxe4 Bf3 21. Qh7 Bxc6 22. Qxh6 Qxh6 23. Bxh6 Rg8 24. g3 Rxg3+ 25. Kh2 Rg6 26. Rg1 Rxh6+ 27. Kg3 Ke7 28. Nd2 Rg6+ 0-1

[Event "Eksjo 6th"]
[Site "Eksjo SWE"]
[Date "1978.??.??"]
[Round "5"]
[White "Wademark, Helge"]
[Black "Wedberg, Tom"]
[Result "1/2-1/2"]
[WhiteElo "2200"]
[BlackElo "2360"]
[PlyCount "58"]
[EventDate "1978.??.??"]
[Source "www.chesslib.no"]
[SourceDate "2004.05.04"]

1. e4 e5 2. Nf3 Nc6 3. Bc4 Nf6 4. Ng5 Bc5 5. Bxf7+ Ke7 6. Bd5 Qe8 7. c3 d6 8. d4 Bb6 9. Qd3 h6 10. Nf3 Qg6 11. Nh4 Qh5 12. Nf3 Bg4 13. Bxc6 bxc6 14. h3 Bxf3 15. gxf3 Rhf8 16. dxe5 Qxe5 17. Be3 Rab8 18. Nd2 Bxe3 19. Qxe3 Qb5 20. b3 Nh5 21. Rg1 g5 22. h4 Nf4 23. hxg5 hxg5 24. e5 Qxe5 25. Rxg5 Qxe3+ 26. fxe3 Nd5 27. Kf2 Nxc3 28. Rc1 Nxa2 29. Rxc6 Rb7 1/2-1/2

[Event "Biel Credis op"]
[Site "Biel"]
[Date "1995.??.??"]
[Round "12"]
[White "Bex, Pierre Alain"]
[Black "Donev, Ivo Hristov"]
[Result "0-1"]
[WhiteElo "2175"]
[BlackElo "2385"]
[PlyCount "30"]
[EventDate "1995.??.??"]
[Source "ChessBase"]

1. e4 e5 2. Nf3 Nc6 3. Bc4 Nf6 4. Ng5 Bc5 5. Bxf7+ Ke7 6. Bd5 Rf8 7. O-O d6 8. h3 Qe8 9. d3 Qg6 10. Kh1 h6 11. Nf3 Ng4 12. Bxc6 Nxf2+ 13. Rxf2 Bxf2 14. Ba4 Bxh3 15. gxh3 Rxf3 0-1

[Event "Traxler Thematic (A)"]
[Site "?"]
[Date "2000.??.??"]
[Round "?"]
[White "Johnsrud Jeffory"]
[Black "Koudelka Ivan"]
[Result "0-1"]
[WhiteElo "2475"]
[BlackElo "2075"]
[PlyCount "38"]
[EventDate "2000.??.??"]
[Source "www.chesslib.no"]
[SourceDate "2004.05.04"]

1. e4 e5 2. Nf3 Nc6 3. Bc4 Nf6 4. Ng5 Bc5 5. Nxf7 Bxf2+ 6. Kxf2 Nxe4+ 7. Ke3 Qh4 8. g3 Nxg3 9. hxg3 Qd4+ 10. Kf3 O-O 11. Rh4 e4+ 12. Rxe4 Ne5+ 13. Rxe5 Qxc4 14. Kg2 Qxf7 15. Qe2 b6 16. Kg1 Bb7 17. d4 Rae8 18. Bf4 d6 19. Rxe8 Rxe8 0-1

[Event "Novi Sad ol (Men)"]
[Site "Novi Sad YUG"]
[Date "1990.??.??"]
[Round "13"]
[White "Small, Simon"]
[Black "Van Tilbury, Craig"]
[Result "0-1"]
[WhiteElo "2245"]
[BlackElo "2300"]
[PlyCount "66"]
[EventDate "1990.11.??"]
[Source "www.chesslib.no"]
[SourceDate "2004.05.04"]

1. e4 e5 2. Nf3 Nc6 3. Bc4 Nf6 4. Ng5 Bc5 5. Nxf7 Bxf2+ 6. Kxf2 Nxe4+ 7. Kg1 Qh4 8. Qf1 Rf8 9. d3 Nd6 10. g3 Qd4+ 11. Kg2 Nxc4 12. dxc4 Qe4+ 13. Qf3 Qxf3+ 14. Kxf3 Rxf7+ 15. Kg2 Nd4 16. Na3 b6 17. Re1 Bb7+ 18. Kh3 d6 19. c3 Nf3 20. Rf1 Kd7 21. Be3 Raf8 22. Rfd1 h5 23. c5 bxc5 24. Nc4 g5 25. g4 hxg4+ 26. Kg3 Rh7 27. Kxg4 Nxh2+ 28. Kg3 Rf3+ 29. Kg2 Rxe3+ 30. Kg1 Rg3+ 31. Kf2 Rg2+ 32. Ke1 Nf3+ 33. Kf1 Nd2+ 0-1

[Event "GEBA"]
[Site "Buenos Aires ARG"]
[Date "1992.??.??"]
[Round "3"]
[White "Fabrega, Enrique"]
[Black "Menendez, Daniel"]
[Result "1/2-1/2"]
[WhiteElo "2260"]
[BlackElo "2255"]
[PlyCount "76"]
[EventDate "1992.??.??"]
[Source "www.chesslib.no"]
[SourceDate "2004.05.04"]

1. e4 e5 2. Nf3 Nc6 3. Bc4 Nf6 4. Ng5 Bc5 5. Bxf7+ Ke7 6. Bd5 Rf8 7. O-O d6 8. d4 Nxd4 9. h3 Qe8 10. c3 Nc6 11. Nd2 Qg6 12. Ndf3 Qh5 13. Nh2 h6 14. Qxh5 Nxh5 15. Ngf3 Nf4 16. Bxf4 Rxf4 17. g3 Rf6 18. Kg2 Bd7 19. Nd2 Raf8 20. f3 h5 21. b4 Be3 22. Nb3 Nd8 23. a4 c6 24. Bc4 Ne6 25. Rae1 Bh6 26. f4 exf4 27. e5 Rg6 28. exd6+ Kxd6 29. g4 hxg4 30. Nxg4 f3+ 31. Rxf3 Nf4+ 32. Kg3 Nh5+ 33. Kf2 Rxf3+ 34. Kxf3 Bxg4+ 35. hxg4 Rf6+ 36. Kg2 Rf4 37. Rd1+ Kc7 38. Rd4 Nf6 1/2-1/2

[Event "Traxler Thematic (B)"]
[Site "?"]
[Date "2000.??.??"]
[Round "?"]
[White "Dempsey Paul"]
[Black "Perez Giorgio"]
[Result "1-0"]
[WhiteElo "2111"]
[BlackElo "2385"]
[PlyCount "111"]
[EventDate "2000.??.??"]
[Source "www.chesslib.no"]
[SourceDate "2004.05.04"]

1. e4 e5 2. Nf3 Nc6 3. Bc4 Nf6 4. Ng5 Bc5 5. Nxf7 Bxf2+ 6. Kxf2 Nxe4+ 7. Ke3 Qh4 8. g3 Nxg3 9. hxg3 Qd4+ 10. Kf3 d5 11. Rh4 e4+ 12. Kg2 O-O 13. Qe2 dxc4 14. Ng5 Bf5 15. Nc3 Rae8 16. b3 h6 17. Nh3 Ne5 18. Ba3 c5 19. Qe3 Nf3 20. Rh5 b6 21. Rd1 cxb3 22. cxb3 Qxe3 23. dxe3 g6 24. Rxh6 Kg7 25. Rh4 g5 26. Nxg5 Nxg5 27. Bb2 Kg6 28. Nd5 Rd8 29. Rf4 Ne6 30. Ne7+ Kf7 31. Rxf5+ Kxe7 32. Rxd8 Rxf5 33. Ra8 Rd5 34. Rxa7+ Kd6 35. Bf6 Rf5 36. Bc3 Rf3 37. Bd2 Ng5 38. a4 Kc6 39. Rg7 Nf7 40. Rg6+ Nd6 41. g4 Kd5 42. Rg5+ Kc6 43. Rh5 c4 44. Bb4 cxb3 45. Rh6 Rxe3 46. Rxd6+ Kc7 47. Rd2 Rd3 48. Rb2 Kd7 49. Be1 Ke6 50. Bf2 Ke5 51. Bxb6 Kf4 52. g5 Rc3 53. Kf2 Rh3 54. Kf1 Kxg5 55. a5 Rh1+ 56. Bg1 1-0

[Event "Traxler Thematic (B)"]
[Site "?"]
[Date "2000.??.??"]
[Round "?"]
[White "Perez Giorgio"]
[Black "Dempsey Paul"]
[Result "1-0"]
[WhiteElo "2385"]
[BlackElo "2111"]
[PlyCount "47"]
[EventDate "2000.??.??"]
[Source "www.chesslib.no"]
[SourceDate "2004.05.04"]

1. e4 e5 2. Nf3 Nc6 3. Bc4 Nf6 4. Ng5 Bc5 5. Nxf7 Bxf2+ 6. Kxf2 Nxe4+ 7. Ke3 Qe7 8. Nxh8 Qg5+ 9. Kxe4 d5+ 10. Bxd5 Bf5+ 11. Kf3 Bg4+ 12. Kf2 Bxd1 13. Bxc6+ bxc6 14. Rxd1 O-O-O 15. Kg1 Rxh8 16. d3 Qg4 17. Nc3 Rf8 18. Re1 h5 19. Rxe5 Qd4+ 20. Re3 h4 21. Ne4 h3 22. c3 Qb6 23. b4 hxg2 24. Nc5 1-0

[Event "Traxler Thematic (D)"]
[Site "?"]
[Date "2000.??.??"]
[Round "?"]
[White "Malmstrom Jan"]
[Black "Owens Johnny"]
[Result "1/2-1/2"]
[WhiteElo "2270"]
[BlackElo "2215"]
[PlyCount "70"]
[EventDate "2000.??.??"]
[Source "www.chesslib.no"]
[SourceDate "2004.05.04"]

1. e4 e5 2. Nf3 Nc6 3. Bc4 Nf6 4. Ng5 Bc5 5. Nxf7 Bxf2+ 6. Kxf2 Nxe4+ 7. Ke3 Qh4 8. g3 Nxg3 9. hxg3 Qd4+ 10. Kf3 d5 11. Rh4 e4+ 12. Kg2 O-O 13. Bb3 Rxf7 14. Qe2 Ne5 15. Nc3 Nf3 16. Rh1 c6 17. Nxe4 Qxe4 18. Qxe4 dxe4 19. Bxf7+ Kxf7 20. d3 Nd4 21. dxe4 Nxc2 22. Rb1 Bg4 23. Bd2 Rd8 24. Rbf1+ Kg6 25. Rf2 Re8 26. Rf4 h5 27. Rc1 Nd4 28. Be3 c5 29. Rc4 Ne6 30. Rf2 b6 31. a3 Nf8 32. b4 Be6 33. Rc3 c4 34. a4 Nh7 35. a5 Nf6 1/2-1/2

[Event "Traxler Thematic (D)"]
[Site "?"]
[Date "2000.??.??"]
[Round "?"]
[White "Owens Johnny"]
[Black "Malmstrom Jan"]
[Result "1-0"]
[WhiteElo "2215"]
[BlackElo "2270"]
[PlyCount "43"]
[EventDate "2000.??.??"]
[Source "www.chesslib.no"]
[SourceDate "2004.05.04"]

1. e4 e5 2. Nf3 Nc6 3. Bc4 Nf6 4. Ng5 Bc5 5. Nxf7 Bxf2+ 6. Kxf2 Nxe4+ 7. Ke3 Qe7 8. c3 Qc5+ 9. d4 exd4+ 10. cxd4 Qe7 11. Nxh8 Ng3+ 12. Kf2 Nxh1+ 13. Kg1 d5 14. Bxd5 Bg4 15. Bxc6+ bxc6 16. Qf1 Be6 17. Nc3 Kd7 18. Ne4 Rxh8 19. Nc5+ Ke8 20. Bf4 Rf8 21. Nxe6 Rf6 22. Nc5 1-0

[Event "Corr"]
[Site "?"]
[Date "2002.06.15"]
[Round "?"]
[White "Mokwa Marek (POL)"]
[Black "Zatrapa Petr"]
[Result "1/2-1/2"]
[WhiteElo "2278"]
[BlackElo "2206"]
[PlyCount "69"]
[EventDate "2002.??.??"]
[Source "www.chesslib.no"]
[SourceDate "2004.05.04"]

1. e4 e5 2. Nf3 Nc6 3. Bc4 Nf6 4. Ng5 Bc5 5. Bxf7+ Ke7 6. Bd5 Rf8 7. O-O d6 8. Bxc6 bxc6 9. Nf3 Bg4 10. c3 Qe8 11. d4 Bb6 12. Nbd2 Qg6 13. Qa4 Nd7 14. Nh4 Qh5 15. Nf5+ Bxf5 16. exf5 c5 17. dxe5 Nxe5 18. Nc4 Qxf5 19. Nxe5 Qxe5 20. Bf4 Qf5 21. Bg3 Kf7 22. Qa6 Qc8 23. Qd3 Kg8 24. Qd5+ Kh8 25. Rae1 Re8 26. c4 Ba5 27. Re3 Rb8 28. b3 Qd8 29. Qf7 Rxe3 30. fxe3 Qe8 31. Rf3 Qxf7 32. Rxf7 Kg8 33. Rf3 Bc3 34. Kf1 Bf6 35. Ke2 1/2-1/2

[Event "Budapest FS10 IM"]
[Site "Budapest"]
[Date "1996.??.??"]
[Round "3"]
[White "Szabo, Zsolt"]
[Black "Basener, Winfried"]
[Result "1-0"]
[WhiteElo "2265"]
[BlackElo "2205"]
[PlyCount "45"]
[EventDate "1996.10.??"]
[Source "www.chesslib.no"]
[SourceDate "2004.05.04"]

1. e4 e5 2. Nf3 Nc6 3. Bc4 Nf6 4. Ng5 Bc5 5. Bxf7+ Ke7 6. Bd5 Rf8 7. O-O Nd4 8. c3 Ne6 9. d4 exd4 10. Bxe6 dxe6 11. e5 dxc3 12. exf6+ gxf6 13. Qh5 cxb2 14. Bxb2 Bd4 15. Rd1 Bxb2 16. Qxh7+ Ke8 17. Qg6+ Ke7 18. Qg7+ Ke8 19. Rxd8+ Kxd8 20. Qxf8+ Kd7 21. Ne4 f5 22. Nc5+ Kc6 23. Nb3 1-0

[Event "TE.2000.P.00401"]
[Site "?"]
[Date "2000.??.??"]
[Round "?"]
[White "Hansson Christian"]
[Black "Maloberti David"]
[Result "1/2-1/2"]
[WhiteElo "2365"]
[BlackElo "2100"]
[PlyCount "53"]
[EventDate "2000.??.??"]
[Source "www.chesslib.no"]
[SourceDate "2004.05.04"]

1. e4 e5 2. Nf3 Nc6 3. Bc4 Nf6 4. Ng5 Bc5 5. Bxf7+ Ke7 6. Bd5 Rf8 7. Nf3 d6 8. Bxc6 bxc6 9. d4 exd4 10. Nxd4 Qe8 11. f3 Kf7 12. Nc3 Kg8 13. O-O d5 14. Re1 Qe5 15. Be3 dxe4 16. Qe2 exf3 17. Nxf3 Qxe3+ 18. Qxe3 Bxe3+ 19. Rxe3 Bf5 20. Nd4 Bd7 21. Rae1 Rae8 22. Rxe8 Rxe8 23. Rxe8+ Bxe8 24. Na4 Ne4 25. b4 Kf7 26. Kf1 Kf6 27. Ke2 1/2-1/2

[Event "TE.2000.P.00401"]
[Site "?"]
[Date "2000.??.??"]
[Round "?"]
[White "Maloberti David"]
[Black "Hansson Christian"]
[Result "1-0"]
[WhiteElo "2100"]
[BlackElo "2365"]
[PlyCount "47"]
[EventDate "2000.??.??"]
[Source "www.chesslib.no"]
[SourceDate "2004.05.04"]

1. e4 e5 2. Nf3 Nc6 3. Bc4 Nf6 4. Ng5 Bc5 5. Bxf7+ Ke7 6. Bd5 Rf8 7. O-O d6 8. c3 Bg4 9. Qb3 h6 10. Qxb7 hxg5 11. Qxc6 Rb8 12. d4 Bd7 13. Qa6 Bb5 14. Qa5 Bxf1 15. dxc5 Bd3 16. Bxg5 Rxb2 17. Nd2 Qb8 18. Qa3 Rxd2 19. Bxd2 Nxe4 20. cxd6+ cxd6 21. c4 Bc2 22. Be3 Nf6 23. Bxa7 Qc7 24. Re1 1-0

[Event "Corr"]
[Site "?"]
[Date "2000.06.20"]
[Round "?"]
[White "Agulnick Michael (USA)"]
[Black "Sibbett Donald J. (USA)"]
[Result "0-1"]
[WhiteElo "2127"]
[BlackElo "2331"]
[PlyCount "72"]
[EventDate "2000.??.??"]
[Source "www.chesslib.no"]
[SourceDate "2004.05.04"]

1. e4 e5 2. Nf3 Nc6 3. Bc4 Nf6 4. Ng5 Bc5 5. Bxf7+ Ke7 6. Bd5 d6 7. d4 Bxd4 8. Nf3 Bg4 9. c3 Bb6 10. Bg5 Rf8 11. Nbd2 h6 12. Bxf6+ Rxf6 13. O-O Qd7 14. a4 a5 15. Bxc6 bxc6 16. Qe2 Bc5 17. Rab1 Qe6 18. Qd3 Bb6 19. Qc2 Raf8 20. Kh1 Qf7 21. Qd3 Qh5 22. Ng1 Rxf2 23. Rxf2 Rxf2 24. Rf1 Qf7 25. Ngf3 Rxf1+ 26. Qxf1 Qf4 27. Qe2 Bh5 28. Nc4 Qc1+ 29. Qe1 Qxe1+ 30. Nxe1 Bg6 31. Nd2 d5 32. b4 Bxe4 33. Nxe4 dxe4 34. g3 axb4 35. cxb4 Kd6 36. Nc2 Kd5 0-1

[Event "Chessfriend.com"]
[Site "?"]
[Date "2004.05.07"]
[Round "1"]
[White "Benko Bostjan"]
[Black "Daus Peter"]
[Result "0-1"]
[WhiteElo "2211"]
[BlackElo "2237"]
[PlyCount "50"]
[EventDate "2004.??.??"]
[Source "www.chesslib.no"]
[SourceDate "2004.05.04"]

1. e4 e5 2. Nf3 Nc6 3. Bc4 Nf6 4. Ng5 Bc5 5. Bxf7+ Ke7 6. Bd5 Rf8 7. O-O d6 8. c3 Bg4 9. Qe1 h6 10. h3 hxg5 11. d4 exd4 12. b4 Bb6 13. hxg4 Ne5 14. Qd1 Rh8 15. cxd4 Nexg4 16. g3 Qe8 17. e5 Qh5 18. exf6+ Kd7 19. Kg2 Qh3+ 20. Kf3 Rae8 21. Rh1 Nh2+ 22. Rxh2 Qf5+ 23. Kg2 Qxd5+ 24. f3 g4 25. Rxh8 gxf3+ 0-1

[Event "Wch U20"]
[Site "Zagan"]
[Date "1997.07.15"]
[Round "2"]
[White "Blanco, Cristobal J"]
[Black "Li Shilong"]
[Result "0-1"]
[WhiteElo "2090"]
[BlackElo "2335"]
[PlyCount "46"]
[EventDate "1997.07.14"]
[Source "ChessBase"]
[SourceDate "1997.09.26"]

1. e4 e5 2. Nf3 Nc6 3. Bc4 Nf6 4. Ng5 Bc5 5. Nxf7 Qe7 6. Nxh8 Bxf2+ 7. Kf1 Bb6 8. d3 d5 9. Bxd5 Bg4 10. Qd2 Nxd5 11. exd5 O-O-O 12. Ke1 Nd4 13. Rf1 e4 14. d6 Qe6 15. d7+ Kb8 16. Rf4 exd3+ 17. Kf1 Be2+ 18. Kg1 Nf3+ 19. Kh1 Nxd2 20. Nxd2 Rxh8 21. cxd3 Qxd7 22. Nc4 Qxd3 23. Bd2 Bd4 0-1

[Event "Corr"]
[Site "?"]
[Date "2000.??.??"]
[Round "?"]
[White "Marcotulli Giancarlo"]
[Black "Koetsier David Alexander"]
[Result "0-1"]
[WhiteElo "2120"]
[BlackElo "2300"]
[PlyCount "82"]
[EventDate "2000.??.??"]
[Source "www.chesslib.no"]
[SourceDate "2004.05.04"]

1. e4 e5 2. Nf3 Nc6 3. Bc4 Nf6 4. Ng5 Bc5 5. Nxf7 Bxf2+ 6. Kxf2 Nxe4+ 7. Ke3 Qh4 8. g3 Nxg3 9. hxg3 Qd4+ 10. Kf3 d5 11. Rh4 e4+ 12. Kg2 O-O 13. Bb3 Rxf7 14. Qe2 Qe5 15. c3 Be6 16. d4 exd3 17. Qxd3 g5 18. Rh5 h6 19. Bd1 Bf5 20. Qe3 Be4+ 21. Kg1 Rf3 22. Bxf3 Qxg3+ 23. Kf1 Rf8 24. Rxg5+ hxg5 25. Qxg5+ Qxg5 26. Bxg5 Rxf3+ 27. Ke2 Ne5 28. Na3 Rg3 29. Bf4 Rg2+ 30. Ke3 Ng4+ 31. Kd4 b6 32. b4 Rf2 33. Bg5 Rf3 34. Rd1 c6 35. Nc4 Nf2 36. Rd2 dxc4 37. Be3 Ng4 38. Kxe4 Rxe3+ 39. Kf4 Rxc3 40. Kxg4 Rd3 41. Rg2 b5 0-1

[Event "Corr"]
[Site "?"]
[Date "2000.??.??"]
[Round "?"]
[White "Koetsier David Alexander"]
[Black "Marcotulli Giancarlo"]
[Result "1/2-1/2"]
[WhiteElo "2300"]
[BlackElo "2120"]
[PlyCount "51"]
[EventDate "2000.??.??"]
[Source "www.chesslib.no"]
[SourceDate "2004.05.04"]

1. e4 e5 2. Nf3 Nc6 3. Bc4 Nf6 4. Ng5 Bc5 5. Nxf7 Bxf2+ 6. Kxf2 Nxe4+ 7. Ke3 Qe7 8. Nxh8 Qg5+ 9. Kxe4 d5+ 10. Bxd5 Bf5+ 11. Kf3 Bg4+ 12. Kf2 Bxd1 13. Bxc6+ bxc6 14. Rxd1 Qh5 15. Rf1 Qxh2 16. d3 O-O-O 17. Nd2 Rxh8 18. Nf3 Rf8 19. Be3 e4 20. dxe4 a6 21. c3 Qh4+ 22. Kg1 Qxe4 23. Bd4 g6 24. b4 Qd5 25. a4 a5 26. bxa5 1/2-1/2

[Event "Corr"]
[Site "?"]
[Date "1998.07.10"]
[Round "?"]
[White "Rodriguez Keith (USA)"]
[Black "Shipman Joseph (USA)"]
[Result "1-0"]
[WhiteElo "2221"]
[BlackElo "2197"]
[PlyCount "55"]
[EventDate "1998.??.??"]
[Source "www.chesslib.no"]
[SourceDate "2004.05.04"]

1. e4 e5 2. Nf3 Nc6 3. Bc4 Nf6 4. Ng5 Bc5 5. Bxf7+ Ke7 6. Bb3 d6 7. d3 Qe8 8. Nc3 Rf8 9. O-O Bg4 10. Nd5+ Nxd5 11. Qxg4 Nf6 12. Qe6+ Kd8 13. Nf7+ Qxf7 14. Qxf7 Rxf7 15. Bxf7 Kd7 16. Be3 Nd4 17. Bb3 Ng4 18. Bxd4 Bxd4 19. c3 Bb6 20. h3 Nf6 21. Kh2 g5 22. g3 g4 23. f4 gxh3 24. fxe5 Ng4+ 25. Kxh3 Nf2+ 26. Kg2 Nxd3 27. e6+ Ke8 28. Rf7 1-0

[Event "TCh-ESP Div"]
[Site "?"]
[Date "2001.??.??"]
[Round "?"]
[White "Vidal del Rio, M."]
[Black "Gonzalez Diaz, D."]
[Result "1/2-1/2"]
[WhiteElo "2105"]
[BlackElo "2310"]
[PlyCount "67"]
[EventDate "2001.??.??"]
[Source "www.chesslib.no"]
[SourceDate "2004.05.04"]

1. e4 e5 2. Nf3 Nc6 3. Bc4 Nf6 4. Ng5 Bc5 5. Bxf7+ Ke7 6. Bd5 Rf8 7. O-O d6 8. h3 h6 9. Nf3 g5 10. c3 Nxd5 11. exd5 g4 12. Nh4 Ke8 13. g3 Qf6 14. Qe2 Ne7 15. d4 exd4 16. Bf4 Kd8 17. c4 gxh3 18. Kh2 Ng6 19. Nxg6 Qxg6 20. Re1 Re8 21. Qxe8+ Qxe8 22. Rxe8+ Kxe8 23. Bxh6 d3 24. f3 Kf7 25. Nd2 Bd4 26. Rb1 Bd7 27. Rd1 Bxb2 28. Ne4 a5 29. Rxd3 a4 30. Bf4 b5 31. cxb5 Rb8 32. Rd2 Bc1 33. Rc2 Bxf4 34. Rxc7 1/2-1/2

[Event "Australia op"]
[Site "Australia"]
[Date "1973.??.??"]
[Round "9"]
[White "Carson, N."]
[Black "Mautner, Thomas"]
[Result "1-0"]
[WhiteElo "2200"]
[BlackElo "2200"]
[PlyCount "35"]
[EventDate "1973.??.??"]
[Source "ChessBase"]

1. e4 e5 2. Nf3 Nc6 3. Bc4 Nf6 4. Ng5 Bc5 5. Bxf7+ Ke7 6. Bb3 Qf8 7. O-O d6 8. Nf7 Nd4 9. Nxh8 Nxe4 10. Qh5 Qf6 11. d3 Nxb3 12. dxe4 Nxc1 13. Rxc1 Qxf2+ 14. Kh1 Be3 15. Rd1 Bh6 16. Nc3 c6 17. Rf1 Qxc2 18. Rf7+ 1-0

[Event "Two Knights Defense Thematic (A), SEMI"]
[Site "?"]
[Date "1997.??.??"]
[Round "?"]
[White "Geuna, G."]
[Black "Tirabassi, C."]
[Result "0-1"]
[WhiteElo "1745"]
[BlackElo "2655"]
[PlyCount "34"]
[EventDate "1997.??.??"]
[Source "www.chesslib.no"]
[SourceDate "2004.05.04"]

1. e4 e5 2. Nf3 Nc6 3. Bc4 Nf6 4. Ng5 Bc5 5. Bxf7+ Ke7 6. Bb3 Rf8 7. Nc3 h6 8. Nf3 d6 9. O-O Bg4 10. h3 Bh5 11. g4 Nxg4 12. Nxe5 Ncxe5 13. d4 Nf3+ 14. Kg2 Nxf2 15. Nd5+ Kd7 16. Kg3 Qh4+ 17. Kg2 Ne1+ 0-1

[Event "Doprastav op"]
[Site "Bratislava"]
[Date "1998.??.??"]
[Round "8"]
[White "Kujovic, Michal"]
[Black "Schwarz, Dusan"]
[Result "1-0"]
[WhiteElo "2280"]
[BlackElo "2110"]
[PlyCount "33"]
[EventDate "1998.??.??"]
[Source "www.chesslib.no"]
[SourceDate "2004.05.04"]

1. e4 e5 2. Nf3 Nc6 3. Bc4 Nf6 4. Ng5 Bc5 5. Nxf7 Bxf2+ 6. Kxf2 Nxe4+ 7. Kg1 Qh4 8. g3 Nxg3 9. hxg3 Qxg3+ 10. Kf1 Rf8 11. Qh5 Na5 12. Rh3 Qf4+ 13. Rf3 Qxc4+ 14. d3 Qd5 15. Nd6+ Ke7 16. Rxf8 Kxd6 17. Nc3 1-0

[Event "Corr"]
[Site "?"]
[Date "2003.01.28"]
[Round "?"]
[White "Horak Jiri"]
[Black "Nava Enrique"]
[Result "1-0"]
[WhiteElo "2206"]
[BlackElo "2162"]
[PlyCount "37"]
[EventDate "2003.??.??"]
[Source "www.chesslib.no"]
[SourceDate "2004.05.04"]

1. e4 e5 2. Nf3 Nc6 3. Bc4 Nf6 4. Ng5 Bc5 5. Bxf7+ Ke7 6. Bb3 Rf8 7. d3 d6 8. Be3 Nd4 9. Nc3 Qe8 10. Qd2 h6 11. Nf3 Qg6 12. Nh4 Qh5 13. Nf5+ Bxf5 14. exf5 Ng4 15. Bxd4 Bxd4 16. Nd5+ Kd7 17. f3 Nf2 18. Rf1 Qxh2 19. Qa5 1-0

[Event "Corr"]
[Site "?"]
[Date "2003.01.28"]
[Round "?"]
[White "Nava Enrique"]
[Black "Horak Jiri"]
[Result "1/2-1/2"]
[WhiteElo "2162"]
[BlackElo "2206"]
[PlyCount "36"]
[EventDate "2003.??.??"]
[Source "www.chesslib.no"]
[SourceDate "2004.05.04"]

1. e4 e5 2. Nf3 Nc6 3. Bc4 Nf6 4. Ng5 Bc5 5. Bxf7+ Ke7 6. Bb3 Rf8 7. d3 d6 8. O-O Bg4 9. Nf3 Nd4 10. Nbd2 Qe8 11. h3 Qh5 12. c3 Nxf3+ 13. Nxf3 Bxf3 14. Qxf3 Qxf3 15. gxf3 Nh5 16. Bg5+ Kd7 17. Kg2 Nf4+ 18. Bxf4 Rxf4 1/2-1/2

[Event "Two Knights Defense Thematic (D), SEMI"]
[Site "?"]
[Date "1997.??.??"]
[Round "?"]
[White "Atienza, H."]
[Black "Campi, M."]
[Result "0-1"]
[WhiteElo "1665"]
[BlackElo "2680"]
[PlyCount "22"]
[EventDate "1997.??.??"]
[Source "www.chesslib.no"]
[SourceDate "2004.05.04"]

1. e4 e5 2. Nf3 Nc6 3. Bc4 Nf6 4. Ng5 Bc5 5. Bxf7+ Ke7 6. Bd5 d6 7. O-O Bg4 8. Qe1 Nd4 9. Bb3 h6 10. Nf7 Qd7 11. Nxh8 Nf3+ 0-1

[Event "Graz Open"]
[Site "Graz AUT"]
[Date "1994.??.??"]
[Round "7"]
[White "Stanka, Wolfgang"]
[Black "Kotz, Heinz Peter"]
[Result "1/2-1/2"]
[WhiteElo "2065"]
[BlackElo "2260"]
[PlyCount "86"]
[EventDate "1994.09.??"]
[Source "www.chesslib.no"]
[SourceDate "2004.05.04"]

1. e4 e5 2. Bc4 Nf6 3. Nf3 Nc6 4. Ng5 Bc5 5. Bxf7+ Ke7 6. Bd5 Rf8 7. O-O d6 8. c3 Qe8 9. d4 Bb6 10. f4 Bg4 11. Qe1 exd4 12. Kh1 Qh5 13. Nf3 Rae8 14. Bxc6 bxc6 15. cxd4 Kd7 16. e5 Nd5 17. Qg3 Ne7 18. Be3 Nf5 19. Qf2 dxe5 20. fxe5 Bxf3 21. gxf3 Re6 22. Nd2 Kc8 23. Nc4 Rg6 24. Nxb6+ axb6 25. Bf4 Nh4 26. Qe3 Qf5 27. e6 Rxe6 28. Be5 Qh3 29. Qe2 Rg6 30. Rf2 Rxf3 31. Raf1 Rxf2 32. Rxf2 Nf5 33. Qe4 Ne7 34. Bxc7 Re6 35. Be5 Kb7 36. Rf8 Qh5 37. Rb8+ Ka7 38. Qd3 Rxe5 39. dxe5 Kxb8 40. Qd6+ Kc8 41. Qxe7 Qf3+ 42. Kg1 Qg4+ 43. Kf2 Qf4+ 1/2-1/2

[Event "Moscow-ch"]
[Site "Moscow"]
[Date "1996.??.??"]
[Round "8"]
[White "Matajev, Dalfun"]
[Black "Dobrotin, Aleksandr E"]
[Result "0-1"]
[WhiteElo "2120"]
[BlackElo "2205"]
[PlyCount "34"]
[EventDate "1996.08.??"]
[Source "www.chesslib.no"]
[SourceDate "2004.05.04"]

1. e4 e5 2. Nf3 Nc6 3. Bc4 Nf6 4. Ng5 Bc5 5. Bxf7+ Ke7 6. Bd5 Rf8 7. O-O d6 8. d3 Bg4 9. Nf3 Nd4 10. c3 Nxf3+ 11. gxf3 Bh3 12. Re1 Qe8 13. Qd2 Nxd5 14. exd5 Rxf3 15. Qg5+ Kd7 16. d4 Qf7 17. Be3 h6 0-1

[Event "Aragon Team Ch"]
[Site "?"]
[Date "1999.12.04"]
[Round "7"]
[White "Cervera Procas Ramon"]
[Black "Gimeno Oteo Marco Antonio"]
[Result "0-1"]
[WhiteElo "2154"]
[BlackElo "2168"]
[PlyCount "58"]
[EventDate "1999.??.??"]
[Source "www.chesslib.no"]
[SourceDate "2004.05.04"]

1. e4 e5 2. Nf3 Nf6 3. Bc4 Nc6 4. Ng5 Bc5 5. Nxf7 Bxf2+ 6. Kxf2 Nxe4+ 7. Ke3 Qh4 8. Rf1 d5 9. Bxd5 Nf6 10. Bxc6+ bxc6 11. Nxh8 Qd4+ 12. Ke2 Bg4+ 13. Rf3 e4 14. Kf1 exf3 15. Qe1+ Kf8 16. Qe3 fxg2+ 17. Kg1 Qxe3+ 18. dxe3 Bh3 19. Nc3 Kg8 20. Ng6 hxg6 21. Bd2 Ng4 22. Ne2 g5 23. e4 Rf8 24. Ng3 Ne5 25. Be3 Nf3+ 26. Kf2 Nxh2+ 27. Ke2 Nf1 28. Nf5 Bxf5 29. exf5 Re8 0-1

[Event "Corr"]
[Site "?"]
[Date "2002.01.15"]
[Round "?"]
[White "Koudelka Ivan"]
[Black "Elburg John"]
[Result "1-0"]
[WhiteElo "2076"]
[BlackElo "2235"]
[PlyCount "86"]
[EventDate "2002.??.??"]
[Source "www.chesslib.no"]
[SourceDate "2004.05.04"]

1. e4 e5 2. Nf3 Nc6 3. Bc4 Nf6 4. Ng5 Bc5 5. Nxf7 Bxf2+ 6. Kxf2 Nxe4+ 7. Ke3 Qh4 8. g3 Nxg3 9. hxg3 Qd4+ 10. Kf3 d5 11. Rh4 e4+ 12. Kg2 O-O 13. Bb3 Rxf7 14. Qg1 Be6 15. Qxd4 Nxd4 16. d3 Nxb3 17. axb3 exd3 18. cxd3 a6 19. Nc3 Re8 20. Bd2 Bf5 21. Re1 Rxe1 22. Bxe1 Re7 23. Bf2 c6 24. Bc5 Rf7 25. d4 Bc2 26. b4 h6 27. Rf4 Rxf4 28. gxf4 Kf7 29. Ne2 g6 30. Ng1 Be4+ 31. Nf3 Ke6 32. Kg3 Bxf3 33. Kxf3 h5 34. Bb6 Kf5 35. Bd8 Ke6 36. Kg3 Kf5 37. Bc7 g5 38. fxg5 Kxg5 39. Bd8+ Kf5 40. Kf3 Ke6 41. Kf4 Kd7 42. Bg5 Kc7 43. Kf5 Kb6 1-0